书目信息 |
| 题名: |
致密定形耐火制品分类 GB/T 17105-1997
|
|
| 作者: | 国家技术监督局 发布 | |
| 分册: | ||
| 出版信息: | 北京 中国标准出版社 1998.05 |
|
| 页数: | 2页 | |
| 开本: | 16开 | |
| 丛书名: | ||
| 单 册: | ||
| 中图分类: | TU545-65 | |
| 科图分类: | ||
| 主题词: | 建筑材料:耐火材料 , 建筑材料:防火材料 | |
| 电子资源: | ||
| ISBN: | ||
| 000 | 00662nam0 2200205 45 | |
| 001 | 0009261763 | |
| 005 | 20000926174628.3 | |
| 010 | @d6.00元 | |
| 100 | @a20000926d1998 km y0chiy0120 ea | |
| 101 | 0 | @achi |
| 105 | @a z 000yy | |
| 200 | 1 | @a致密定形耐火制品分类 GB/T 17105-1997@AZhi Mi Ding Xing Nai Huo Zhi Pin Fen Lei GB/T 17105-1997@f国家技术监督局发布@FGuo Jia Ji Shu Jian Du Ju Fa Bu |
| 210 | @a北京@c中国标准出版社@d1998.05 | |
| 215 | @a2页@d16开 | |
| 606 | 0 | @a建筑材料:耐火材料 |
| 606 | 0 | @a建筑材料:防火材料 |
| 690 | @aTU545-65@v3 | |
| 701 | 0 | @a国家技术监督局@4发布 |
| 801 | @aCN@bPftUser@c20000926 | |
| 905 | @b154598-601@dTU545-65@eG:347/1@f4 | |
| 致密定形耐火制品分类 GB/T 17105-1997/国家技术监督局发布.-北京:中国标准出版社,1998.05 |
| 2页;16开 |
| ISBN :6.00元 |
| ● |
| 相关链接 |
|
|
|
正题名:致密定形耐火制品分类GB/T 17105-1997
索取号:TU545-65/G:347/1
 
预约/预借
| 序号 | 登录号 | 条形码 | 馆藏地/架位号 | 状态 | 备注 |
| 1 | 154598 | 201545989 | 自科二线404/404自科库 3排2列2层/ [索取号:TU545-65/G:347/1] | 在馆 | |
| 2 | 154599 | 201545998 | 自科二线404/404自科库 3排1列6层/ [索取号:TU545-65/G:347/1] | 在馆 | |
| 3 | 154600 | 201546005 | 自科二线404/404自科库 3排1列6层/ [索取号:TU545-65/G:347/1] | 在馆 | |
| 4 | 154601 | 201546014 | 自科二线404/404自科库 3排1列6层/ [索取号:TU545-65/G:347/1] | 在馆 |